logo

Bir Sreshtho Munshi Abdur Rouf Library
Jhenaidah Cadet College

Educated / (Record no. 13087)

MARC details
000 -LEADER
fixed length control field 03151nam a2200373 a 4500
001 - CONTROL NUMBER
JCCL Control Number 13087
003 - CONTROL NUMBER IDENTIFIER
JCCL marc code BD-JhCC
005 - DATE AND TIME OF LATEST TRANSACTION
control field 20230625090342.0
008 - FIXED-LENGTH DATA ELEMENTS--GENERAL INFORMATION
fixed length control field 230625s20222018nyu 000 0aeng
020 ## - INTERNATIONAL STANDARD BOOK NUMBER
International Standard Book Number 9780099511021
035 ## - SYSTEM CONTROL NUMBER
system control number (BD-JhCC)13087
040 ## - CATALOGING SOURCE
Original cataloging agency DLC
Transcribing agency DLC
Description conventions rda
Modifying agency BD-JhCC
041 ## - LANGUAGE CODE
Language code of Book eng
050 00 - LIBRARY OF CONGRESS CALL NUMBER
Classification number CT3262.I2
Item number W47 2018
082 00 - DEWEY DECIMAL CLASSIFICATION NUMBER
Classification number 270.092
-- B
DDC Edition number 23
Author mark and Year WES 2022
100 1# - MAIN ENTRY--PERSONAL NAME
Personal name Westover, Tara
245 10 - TITLE STATEMENT
Title Educated /
Statement of responsibility, etc Tara Westover.
250 ## - EDITION STATEMENT
Edition statement First edition.
260 ## - PUBLICATION, DISTRIBUTION, ETC. (IMPRINT)
Place of publication, distribution, etc New York :
Name of publisher, distributor, etc Penguin Books,
Date of publication, distribution, etc 2022
300 ## - PHYSICAL DESCRIPTION
Pagination xiii, 384 pages ;
Dimensions 21 cm
505 0# - FORMATTED CONTENTS NOTE
Formatted contents note Choose the good -- The midwife -- Cream shoes -- Apache women -- Honest dirt -- Shield and buckler -- The Lord will provide -- Tiny harlots -- Perfect in his generations -- Shield of feathers -- Instinct -- Fish eyes -- Silence and the churches -- My feet no longer touch the earth -- No more a child -- Disloyal man, disobedient heaven -- To keep it holy -- Blood and feathers -- In the beginning -- Recitals of the fathers -- Skullcap -- What we whispered and what we screamed -- "I'm from Idaho" -- A knight, errant -- The work of sulphur -- Waiting for moving water -- If i were a woman -- Pygmalion -- Graduation -- The hand of the almighty -- Tragedy -- A brawling woman in a wide house -- Sorcery of physics -- The substance of things -- West of the sun -- Four long arms, whirling -- Gambling for redemption -- The family, morality, and social science -- The princess -- Educated.
520 ## - SUMMARY, ETC.
Summary, etc "Tara Westover was seventeen the first time she set foot in a classroom. Born to survivalists in the mountains of Idaho, she prepared for the end of the world by stockpiling home-canned peaches and sleeping with her "head-for-the-hills bag." In the summer she stewed herbs for her mother, a midwife and healer, and in the winter she salvaged in her father's junkyard. The family was so isolated from mainstream society that there was no one to ensure the children received an education, and no one to intervene when one of Tara's older brothers became violent. As a way out, Tara began to educate herself, learning enough mathematics and grammar to be admitted to Brigham Young University. Her quest for knowledge would transform her, taking her over oceans and across continents, to Harvard and to Cambridge. Only then would she wonder if she'd traveled too far, if there was still a way home. With the acute insight that distinguishes all great writers, Tara Westover has crafted a universal coming-of-age story that gets to the heart of what an education offers: the perspective to see one's life through new eyes, and the will to change it."--Provided by publisher.
600 10 - SUBJECT ADDED ENTRY--PERSONAL NAME
Personal name Westover, Tara
General subdivision Family.
650 #0 - SUBJECT ADDED ENTRY--TOPICAL TERM
Topical term or geographic name as entry element Women
Geographic subdivision Idaho
Form subdivision Biography.
650 #0 - SUBJECT ADDED ENTRY--TOPICAL TERM
Topical term or geographic name as entry element Survivalism
Geographic subdivision Idaho
Form subdivision Biography.
650 #0 - SUBJECT ADDED ENTRY--TOPICAL TERM
Topical term or geographic name as entry element Home schooling
Geographic subdivision Idaho
Form subdivision Anecdotes.
650 #0 - SUBJECT ADDED ENTRY--TOPICAL TERM
Topical term or geographic name as entry element Women college students
Geographic subdivision United States
Form subdivision Biography.
650 #0 - SUBJECT ADDED ENTRY--TOPICAL TERM
Topical term or geographic name as entry element Victims of family violence
Geographic subdivision Idaho
Form subdivision Biography.
650 #0 - SUBJECT ADDED ENTRY--TOPICAL TERM
Topical term or geographic name as entry element Subculture
Geographic subdivision Idaho.
650 #0 - SUBJECT ADDED ENTRY--TOPICAL TERM
Topical term or geographic name as entry element Christian biography.
650 #0 - SUBJECT ADDED ENTRY--TOPICAL TERM
Topical term or geographic name as entry element Idaho
General subdivision Rural conditions
Form subdivision Anecdotes.
651 #0 - SUBJECT ADDED ENTRY--GEOGRAPHIC NAME
Geographic name Idaho
Form subdivision Biography.
942 ## - ADDED ENTRY ELEMENTS (KOHA)
Source of classification or shelving scheme Dewey Decimal Classification
Koha item type Books
Holdings
Source of classification or shelving scheme Damaged status Not for loan Home library Current library Shelving location Date of accession Cost, normal purchase price Total Checkouts Full call number Barcode Checked out Date last seen Date checked out Copy number Method of acquisition Koha item type Currency
Dewey Decimal Classification     JCC Rouf Library JCC Rouf Library General Stacks 06/25/2023 1078.00 8 270.092 B WES 2022 18490 03/01/2026 02/03/2026 02/03/2026 C-1 Purchase Books BDT

JCC Library | Contacts | JCC Home

Last Update on 23 September 2017
Copyright @ 2017-2020 JCC Rouf Library
Rouf Library, Jhenidah Cadet College (JCC), Bangladesh